| 000 | 004500000a22001690004500 | ||
|---|---|---|---|
| 003 | MACL | ||
| 005 | 20151231160353.0 | ||
| 008 | 151231b xxu||||| |||| 00| 0 eng d | ||
| 040 |
_aMACL _cMACL |
||
| 041 | _aEnglish | ||
| 082 | _a330/BLA | ||
| 100 |
_aBlack, Eugene R _925899 |
||
| 245 | _aThe Diplomacy of Economic Development | ||
| 260 |
_bHarvard University Press _c1960 _aMassachusetts |
||
| 650 |
_aEconomics _925900 |
||
| 942 |
_cBK _k330/BLA _2ddc |
||
| 999 |
_c35193 _d35193 |
||